[Event "SVK-chT1E 0001"]
[Site "Slovakia"]
[Date "2000.??.??"]
[Round "4"]
[White "Sztercsco, Sztyepan"]
[Black "Vyparina, Matej"]
[Result "1/2-1/2"]
[WhiteElo "2229"]
[BlackElo "2099"]
[PlyCount "126"]
[EventDate "2000.??.??"]
[EventType "team"]
[EventRounds "11"]
[EventCountry "SVK"]
[SourceTitle "EXT 2002"]
[Source "ChessBase"]
[SourceDate "2001.11.25"]
[SourceVersion "1"]
[SourceVersionDate "2001.11.25"]
[SourceQuality "1"]

1. e4 Nf6 2. e5 Nd5 3. c4 Nb6 4. d4 d6 5. f4 dxe5 6. fxe5 Nc6 7. Nf3 Bg4 8. Be3 e6 9. Be2 Be7 10. 0-0 0-0 11. Nbd2 f6 12. exf6 Bxf6 13. Ne4 Be7 14. d5 exd5 15. cxd5 Bxf3 16. gxf3 Ne5 17. f4 Qxd5 18. Qc2 Nec4 19. Bxb6 Nxb6 20. Rad1 Qe6 21. b4 Rae8 22. Kh1 Bd8 23. Ng3 Qc6+ 24. Qxc6 bxc6 25. Bf3 Rxf4 26. Bxc6 Rxf1+ 27. Nxf1 Rf8 28. Ne3 Be7 29. Rd4 Bd6 30. Kg2 Rf6 31. Be4 g6 32. a3 Kg7 33. Nf1 Rf4 34. Ng3 Kf8 35. Rd3 Kg7 36. Rc3 h5 37. Bf3 Rd4 38. Ne4 Nd5 39. Rc6 Nf4+ 40. Kf1 Rd3 41. Kf2 Ne6 42. Ra6 Nd4 43. Be2 Rb3 44. Nxd6 cxd6 45. Rxa7+ Kf6 46. Bc4 Rf3+ 47. Kg2 Rc3 48. Bg8 h4 49. a4 h3+ 50. Kf2 Ke5 51. b5 Kf4 52. b6 Rc2+ 53. Ke1 Rxh2 54. Bd5 Rb2 55. a5 h2 56. Rh7 Ke5 57. a6 Kxd5 58. a7 Ra2 59. Rxh2 Ra1+ 60. Kf2 Nc6 61. Rh8 Nxa7 62. Ra8 Kc6 63. bxa7 Kb7 1/2-1/2

[Event "SVK-chT2E 9900"]
[Site "Slovakia"]
[Date "1999.??.??"]
[Round "?"]
[White "Hrtko, Vladimir"]
[Black "Sztercsco, Sztyepan"]
[Result "1/2-1/2"]
[WhiteElo "2186"]
[BlackElo "2227"]
[PlyCount "85"]
[EventDate "1999.??.??"]
[EventType "team"]
[EventRounds "9"]
[EventCountry "SVK"]
[SourceTitle "EXT 2001"]
[Source "ChessBase"]
[SourceDate "2000.11.22"]
[SourceVersion "1"]
[SourceVersionDate "2000.11.22"]
[SourceQuality "1"]

1. d4 Nf6 2. c4 c5 3. d5 b5 4. cxb5 a6 5. f3 g6 6. e4 d6 7. Na3 Bg7 8. Ne2 0-0 9. Nc3 Nbd7 10. Be2 Nb6 11. 0-0 Nfd7 12. Be3 Bb7 13. Qc2 Qc7 14. bxa6 Bxa6 15. Nab5 Qb7 16. a4 Rfb8 17. b3 Nc8 18. Rab1 Na7 19. Nxa7 Bxe2 20. Qxe2 Rxa7 21. Nb5 Ra6 22. Bd2 Nf6 23. Bc3 Ne8 24. Bxg7 Kxg7 25. f4 Rb6 26. f5 Nc7 27. Nxc7 Qxc7 28. fxg6 hxg6 29. Rf3 f6 30. Rg3 Qd7 31. Qh5 Qe8 32. Qg4 c4 33. Qh3 cxb3 34. Rgxb3 Qxa4 35. Rxb6 Qd4+ 36. Kf1 Rxb6 37. Rxb6 Qxb6 38. Qd3 Qb2 39. h3 g5 40. Qf3 Qc1+ 41. Ke2 Qg1 42. h4 gxh4 43. Qg4+ 1/2-1/2

[Event "SVK-chT2E 9900"]
[Site "Slovakia"]
[Date "1999.??.??"]
[Round "?"]
[White "Sztercsco, Sztyepan"]
[Black "Lednicky, Martin"]
[Result "1-0"]
[WhiteElo "2227"]
[BlackElo "2032"]
[PlyCount "47"]
[EventDate "1999.??.??"]
[EventType "team"]
[EventRounds "9"]
[EventCountry "SVK"]
[SourceTitle "EXT 2001"]
[Source "ChessBase"]
[SourceDate "2000.11.22"]
[SourceVersion "1"]
[SourceVersionDate "2000.11.22"]
[SourceQuality "1"]

1. e4 e6 2. Qe2 c5 3. Nc3 Be7 4. g3 Nc6 5. Bg2 Nd4 6. Qd1 d6 7. Nge2 Bd7 8. 0-0 b5 9. d3 Rc8 10. Nf4 Bf6 11. Nh5 b4 12. Nxf6+ Qxf6 13. Ne2 Nf3+ 14. Kh1 e5 15. Nf4 Nd4 16. Nd5 Qg6 17. c3 bxc3 18. bxc3 Nc6 19. f4 h5 20. f5 Qh7 21. h3 Nf6 22. Ne3 Rb8 23. Nc4 Ke7 24. d4 1-0

[Event "SVK-chT2E 9900"]
[Site "Slovakia"]
[Date "1999.??.??"]
[Round "?"]
[White "Szuk, Balazs"]
[Black "Sztercsco, Sztyepan"]
[Result "1-0"]
[WhiteElo "2415"]
[BlackElo "2227"]
[PlyCount "39"]
[EventDate "1999.??.??"]
[EventType "team"]
[EventRounds "9"]
[EventCountry "SVK"]
[SourceTitle "EXT 2001"]
[Source "ChessBase"]
[SourceDate "2000.11.22"]
[SourceVersion "1"]
[SourceVersionDate "2000.11.22"]
[SourceQuality "1"]

1. e4 c5 2. Nc3 d6 3. g3 Nf6 4. Bg2 g6 5. d3 Bg7 6. f4 Nc6 7. Nf3 Bg4 8. h3 Bxf3 9. Qxf3 Qa5 10. 0-0 0-0 11. g4 e6 12. Qg3 Nd4 13. Rf2 Kh8 14. f5 gxf5 15. exf5 Ne8 16. Qh4 Qd8 17. Bg5 Bf6 18. Ne4 Bxg5 19. Nxg5 Nf6 20. fxe6 1-0

[Event "Krynica op-A"]
[Site "Krynica"]
[Date "1998.??.??"]
[Round "?"]
[White "Dobrowolski, Piotr"]
[Black "Sztercsco, Sztyepan"]
[Result "1/2-1/2"]
[WhiteElo "2380"]
[BlackElo "2220"]
[PlyCount "108"]
[EventDate "1998.??.??"]
[EventType "swiss"]
[EventRounds "11"]
[EventCountry "POL"]
[SourceTitle "EXT 2002"]
[Source "ChessBase"]
[SourceDate "2001.11.25"]
[SourceVersion "1"]
[SourceVersionDate "2001.11.25"]
[SourceQuality "1"]

1. e4 c5 2. Nf3 d6 3. d4 cxd4 4. Nxd4 Nf6 5. Nc3 a6 6. Be3 e6 7. g4 Be7 8. g5 Nfd7 9. Qg4 Nc6 10. 0-0-0 Qc7 11. f4 b5 12. Nxc6 Qxc6 13. Bg2 Nb6 14. Kb1 b4 15. Ne2 Bd7 16. Qg3 Rc8 17. Rc1 Nc4 18. Ka1 Nxe3 19. Qxe3 Qc5 20. Qf3 a5 21. h4 a4 22. c4 bxc3 23. Rxc3 Qa5 24. Rxc8+ Bxc8 25. h5 Bb7 26. Qc3 Qxc3 27. Nxc3 Bc6 28. Bf3 Kd7 29. a3 f6 30. gxf6 Bxf6 31. Na2 Rf8 32. Nb4 Bb7 33. Bd1 Bxe4 34. Bxa4+ Ke7 35. Re1 d5 36. Bb5 Kd6 37. Rf1 d4 38. a4 g5 39. hxg6 hxg6 40. Re1 Bd5 41. Nxd5 Kxd5 42. Bd3 g5 43. f5 exf5 44. Bxf5 Kc4 45. Ka2 Kb4 46. Bc2 g4 47. Rg1 Rg8 48. Rg3 Be5 49. Rb3+ Kc5 50. Rb5+ Kd6 51. Be4 g3 52. Bg2 Rc8 53. Kb3 Rc5 54. Rxc5 Kxc5 1/2-1/2

[Event "Krynica op-A"]
[Site "Krynica"]
[Date "1998.??.??"]
[Round "?"]
[White "Ostrowski, Leszek"]
[Black "Sztercsco, Sztyepan"]
[Result "1-0"]
[WhiteElo "2350"]
[BlackElo "2220"]
[PlyCount "75"]
[EventDate "1998.??.??"]
[EventType "swiss"]
[EventRounds "11"]
[EventCountry "POL"]
[SourceTitle "EXT 2002"]
[Source "ChessBase"]
[SourceDate "2001.11.25"]
[SourceVersion "1"]
[SourceVersionDate "2001.11.25"]
[SourceQuality "1"]

1. Nf3 Nf6 2. c4 g6 3. Nc3 Bg7 4. e4 d6 5. d4 Bg4 6. Be2 0-0 7. Be3 Nbd7 8. 0-0 c6 9. Rc1 Qc7 10. Qd2 Rfd8 11. Bh6 e5 12. Be3 Re8 13. d5 c5 14. h3 Bxf3 15. Bxf3 a6 16. Be2 Reb8 17. a4 Rf8 18. Rb1 Ne8 19. b4 f5 20. f3 f4 21. Bf2 b6 22. a5 cxb4 23. Na4 bxa5 24. c5 Nxc5 25. Nxc5 dxc5 26. Rfc1 Nd6 27. Rxc5 Qd8 28. Rc6 Rf6 29. Bb6 Qd7 30. Rbc1 Nb5 31. Bxb5 axb5 32. Rc7 Qe8 33. d6 Qe6 34. R1c6 Rff8 35. d7 Qb3 36. Rc8 Bf6 37. Rxa8 Rxa8 38. Rxf6 1-0

[Event "Krynica op-A"]
[Site "Krynica"]
[Date "1998.??.??"]
[Round "?"]
[White "Sztercsco, Sztyepan"]
[Black "Krogulski, Grzegorz"]
[Result "1-0"]
[WhiteElo "2220"]
[BlackElo "2310"]
[PlyCount "81"]
[EventDate "1998.??.??"]
[EventType "swiss"]
[EventRounds "11"]
[EventCountry "POL"]
[SourceTitle "EXT 2002"]
[Source "ChessBase"]
[SourceDate "2001.11.25"]
[SourceVersion "1"]
[SourceVersionDate "2001.11.25"]
[SourceQuality "1"]

1. e4 d5 2. exd5 Nf6 3. d4 Nxd5 4. c4 Nb6 5. Nf3 g6 6. Nc3 Bg7 7. h3 0-0 8. Be2 Nc6 9. Be3 e5 10. d5 Ne7 11. 0-0 f5 12. Qd2 f4 13. Bc5 Bf5 14. Bd3 Re8 15. Rfe1 Nec8 16. Bxb6 axb6 17. Ne4 c6 18. Qc2 cxd5 19. cxd5 Bxe4 20. Bxe4 Nd6 21. b4 Rc8 22. Qb3 Rc4 23. Nd2 Rd4 24. Rad1 Qd7 25. f3 Qb5 26. a3 Rc8 27. Qb2 Nxe4 28. fxe4 Qd3 29. Qa1 Qc2 30. Nf3 Rxe4 31. d6 Rxe1+ 32. Nxe1 Qc4 33. Qb2 e4 34. Qf2 e3 35. Qh4 e2 36. Rd3 Bd4+ 37. Kh1 Rf8 38. Qe7 Be3 39. d7 f3 40. Qxf8+ Kxf8 41. d8Q+ 1-0

[Event "Kosice op"]
[Site "Kosice"]
[Date "1997.??.??"]
[Round "?"]
[White "Jurcisin, Imrich"]
[Black "Sztercsco, Sztyepan"]
[Result "1/2-1/2"]
[WhiteElo "2025"]
[BlackElo "2270"]
[PlyCount "66"]
[EventDate "1997.??.??"]
[EventType "swiss"]
[EventRounds "9"]
[EventCountry "SVK"]
[SourceTitle "EXT 1999"]
[Source "ChessBase"]
[SourceDate "1998.11.16"]
[SourceVersion "1"]
[SourceVersionDate "1998.11.16"]
[SourceQuality "1"]

1. e4 c5 2. Nf3 d6 3. d4 cxd4 4. Nxd4 Nf6 5. Nc3 a6 6. Be2 e6 7. Be3 Be7 8. 0-0 0-0 9. a4 Nc6 10. f4 Qc7 11. Nb3 b6 12. Qe1 Nd7 13. Rd1 Bb7 14. Qg3 Bf6 15. Nd4 Nc5 16. Nxc6 Bxc6 17. Bd4 Bxd4+ 18. Rxd4 e5 19. fxe5 dxe5 20. Nd5 Bxd5 21. Rxd5 f6 22. Qc3 a5 23. Bb5 Rad8 24. Rfd1 Rxd5 25. Rxd5 Rc8 26. Qc4 Kf8 27. c3 Nb7 28. Qd3 Rd8 29. b4 Ke7 30. Qg3 Kf8 31. Qd3 Ke7 32. Qg3 Kf8 33. Qd3 Ke7 1/2-1/2

[Event "Kosice op"]
[Site "Kosice"]
[Date "1997.??.??"]
[Round "?"]
[White "Sergeev, Vladimir"]
[Black "Sztercsco, Sztyepan"]
[Result "1-0"]
[WhiteElo "2455"]
[BlackElo "2270"]
[PlyCount "109"]
[EventDate "1997.??.??"]
[EventType "swiss"]
[EventRounds "9"]
[EventCountry "SVK"]
[SourceTitle "EXT 1999"]
[Source "ChessBase"]
[SourceDate "1998.11.16"]
[SourceVersion "1"]
[SourceVersionDate "1998.11.16"]
[SourceQuality "1"]

1. e4 c5 2. Nc3 d6 3. g3 Nc6 4. Bg2 Nf6 5. d3 e5 6. Nh3 Be7 7. 0-0 0-0 8. Kh1 Nd4 9. f4 Bg4 10. Qd2 h6 11. Ng1 Bd7 12. Nd1 Qc7 13. Ne3 Rfe8 14. c3 Nc6 15. f5 b5 16. h4 Qd8 17. Qf2 Na5 18. g4 Nh7 19. Nf3 c4 20. b4 Nb7 21. Nd5 Bc6 22. dxc4 bxc4 23. g5 Bxd5 24. exd5 hxg5 25. f6 Bxf6 26. hxg5 Be7 27. g6 fxg6 28. Bh3 Rf8 29. Be6+ Kh8 30. Qe2 Qe8 31. Be3 Nd8 32. Bg4 Nf7 33. Qxc4 Nh6 34. Be6 g5 35. Kg2 Qg6 36. Nd2 Nf6 37. Rh1 Nh5 38. Qe4 Qxe4+ 39. Nxe4 Nf4+ 40. Bxf4 gxf4 41. Kf3 Kh7 42. Rh2 a5 43. b5 a4 44. Rg1 Rfb8 45. c4 a3 46. Rhg2 Bf8 47. Ng5+ Kg6 48. Nf7+ Kf6 49. Nxh6 gxh6 50. Rg6+ Ke7 51. Rg8 Ra4 52. Rh8 Rxc4 53. Rh7+ Ke8 54. Rg8 Rc3+ 55. Ke4 1-0

[Event "Kosice op"]
[Site "Kosice"]
[Date "1997.??.??"]
[Round "?"]
[White "Sztercsco, Sztyepan"]
[Black "Cvicela, Anton"]
[Result "1/2-1/2"]
[WhiteElo "2270"]
[BlackElo "2140"]
[PlyCount "102"]
[EventDate "1997.??.??"]
[EventType "swiss"]
[EventRounds "9"]
[EventCountry "SVK"]
[SourceTitle "EXT 1999"]
[Source "ChessBase"]
[SourceDate "1998.11.16"]
[SourceVersion "1"]
[SourceVersionDate "1998.11.16"]
[SourceQuality "1"]

1. e4 c5 2. Nf3 Nf6 3. Nc3 Nc6 4. d4 d5 5. exd5 Nxd5 6. Nxd5 Qxd5 7. c4 Qe4+ 8. Be3 cxd4 9. Nxd4 e5 10. Nb5 Bb4+ 11. Nc3 Bh3 12. Qd5 Qc2 13. Qd2 Bxc3 14. Qxc3 Qxc3+ 15. bxc3 Bf5 16. Bc5 0-0-0 17. Be2 Bd3 18. h4 Rd7 19. Rd1 Rhd8 20. Rh3 Bxe2 21. Rxd7 Rxd7 22. Kxe2 f5 23. Rg3 Na5 24. Bxa7 Nxc4 25. Rd3 Rd6 26. Rxd6 Nxd6 27. Bc5 Kd7 28. Kd3 Kc6 29. Bxd6 Kxd6 30. Kc4 g6 31. a4 Kc6 32. a5 h6 33. Kb4 g5 34. h5 Kd5 35. Kb5 e4 36. Kb6 f4 37. Kxb7 e3 38. fxe3 fxe3 39. a6 e2 40. a7 e1Q 41. a8Q Qxc3 42. Qg8+ Kd6 43. Qg6+ Kd7 44. Qh7+ Kd8 45. Qxh6 Qc7+ 46. Ka6 Qc4+ 47. Kb6 Qd4+ 48. Kc6 Qc4+ 49. Kb6 Qd4+ 50. Kb7 Qd7+ 51. Ka6 Qa4+ 1/2-1/2

[Event "Nyiregyhaza op"]
[Site "Nyiregyhaza"]
[Date "1996.??.??"]
[Round "6"]
[White "Koszta, Csaba"]
[Black "Sztercsco, Sztyepan"]
[Result "0-1"]
[WhiteElo "2115"]
[BlackElo "2255"]
[PlyCount "92"]
[EventDate "1996.07.??"]
[EventType "swiss"]
[EventRounds "9"]
[EventCountry "HUN"]
[SourceTitle "EXT 2004"]
[Source "ChessBase"]
[SourceDate "2003.11.25"]
[SourceVersion "1"]
[SourceVersionDate "2003.11.25"]
[SourceQuality "1"]

1. e4 c5 2. Nf3 d6 3. d4 cxd4 4. Nxd4 Nf6 5. Nc3 a6 6. Be2 e6 7. 0-0 Be7 8. Kh1 0-0 9. Be3 Qc7 10. f4 Nbd7 11. Nb3 b5 12. a3 Bb7 13. Bf3 Rad8 14. Qe2 Nc5 15. Bf2 Nxb3 16. cxb3 d5 17. e5 Nd7 18. Rac1 Qb8 19. b4 Rc8 20. Bd4 Rc4 21. Qe3 g6 22. g4 Re8 23. Rce1 f6 24. b3 Rcc8 25. exf6 Bxf6 26. g5 Bxd4 27. Qxd4 Qc7 28. Re3 Qb6 29. Rd1 Qxd4 30. Rxd4 Kf7 31. a4 bxa4 32. bxa4 Nb6 33. Be2 Rc7 34. b5 a5 35. Kg1 Rec8 36. Nd1 Rc1 37. Kf2 R8c2 38. h4 Nc4 39. Red3 Nd6 40. Ne3 Ra2 41. Kf3 Nc4 42. Kf2 Nd6 43. Kf3 Re1 44. Bd1 Ne4 45. Ng4 Ke7 46. Rb3 Nd2+ 0-1

[Event "Nyiregyhaza op"]
[Site "Nyiregyhaza"]
[Date "1996.??.??"]
[Round "8"]
[White "Sztercsco, Sztyepan"]
[Black "Emodi, Barnabas"]
[Result "1/2-1/2"]
[WhiteElo "2255"]
[BlackElo "2315"]
[PlyCount "29"]
[EventDate "1996.07.??"]
[EventType "swiss"]
[EventRounds "9"]
[EventCountry "HUN"]
[SourceTitle "EXT 2004"]
[Source "ChessBase"]
[SourceDate "2003.11.25"]
[SourceVersion "1"]
[SourceVersionDate "2003.11.25"]
[SourceQuality "1"]

1. e4 c6 2. d4 d5 3. exd5 cxd5 4. c4 Nf6 5. Nc3 e6 6. Nf3 Be7 7. Be2 0-0 8. 0-0 Nc6 9. Bg5 b6 10. Ne5 Bb7 11. Bxf6 Bxf6 12. Nxc6 Bxc6 13. cxd5 Bxd5 14. Nxd5 exd5 15. Bf3 1/2-1/2

[Event "Nyiregyhaza op"]
[Site "Nyiregyhaza"]
[Date "1996.??.??"]
[Round "5"]
[White "Sztercsco, Sztyepan"]
[Black "Lengyel, Ferenc"]
[Result "1/2-1/2"]
[WhiteElo "2255"]
[BlackElo "2295"]
[PlyCount "31"]
[EventDate "1996.07.??"]
[EventType "swiss"]
[EventRounds "9"]
[EventCountry "HUN"]
[SourceTitle "EXT 2004"]
[Source "ChessBase"]
[SourceDate "2003.11.25"]
[SourceVersion "1"]
[SourceVersionDate "2003.11.25"]
[SourceQuality "1"]

1. e4 c6 2. d4 d5 3. exd5 cxd5 4. c4 Nf6 5. Nc3 e6 6. Nf3 Be7 7. Be2 dxc4 8. Bxc4 0-0 9. 0-0 Nc6 10. a3 b6 11. d5 Na5 12. Ba2 exd5 13. Nxd5 Nxd5 14. Bxd5 Bb7 15. Bxb7 Nxb7 16. Be3 1/2-1/2